Gynaecology Illustrated / (Record no. 3308)
[ view plain ]
| 000 -LEADER | |
|---|---|
| fixed length control field | 00952nac a22002531u 4500 |
| 008 - FIXED-LENGTH DATA ELEMENTS--GENERAL INFORMATION | |
| fixed length control field | 100913t xxu||||| |||| 00| 0 eng d |
| 010 ## - LIBRARY OF CONGRESS CONTROL NUMBER | |
| LC control number | 85004128 |
| 020 ## - INTERNATIONAL STANDARD BOOK NUMBER | |
| International Standard Book Number | 0443035172 |
| 082 00 - DEWEY DECIMAL CLASSIFICATION NUMBER | |
| Classification number | 618.1 |
| Item number | GOV |
| 100 ## - MAIN ENTRY--PERSONAL NAME | |
| Personal name | Govan, A. D. T. |
| 9 (RLIN) | 18822 |
| 245 10 - TITLE STATEMENT | |
| Title | Gynaecology Illustrated / |
| Statement of responsibility, etc | A.D.T. Govan, Colin Hodge, Robin Callander. |
| 250 ## - EDITION STATEMENT | |
| Edition statement | 3rd ed. |
| 260 ## - PUBLICATION, DISTRIBUTION, ETC. (IMPRINT) | |
| Place of publication, distribution, etc | Edinburgh ; |
| -- | New York : |
| Name of publisher, distributor, etc | Churchill Livingstone, |
| Date of publication, distribution, etc | 1985. |
| 300 ## - PHYSICAL DESCRIPTION | |
| Extent | 490 p. : |
| Other physical details | ill. ; |
| Dimensions | 25 cm. |
| 500 ## - GENERAL NOTE | |
| General note | Rev. ed. of: Gynaecology illustrated / by Matthew M. Garrey and others. 1st ed. 1972. |
| 500 ## - GENERAL NOTE | |
| General note | Includes index. |
| 500 ## - GENERAL NOTE | |
| General note | Donations . |
| 500 ## - GENERAL NOTE | |
| General note | Donations - Bibliotheca Alexandrina. |
| 650 #0 - SUBJECT ADDED ENTRY--TOPICAL TERM | |
| Topical term or geographic name as entry element | Gynecology. |
| 9 (RLIN) | 18823 |
| 700 1# - ADDED ENTRY--PERSONAL NAME | |
| Personal name | Hodge, Colin. |
| 9 (RLIN) | 18824 |
| 700 1# - ADDED ENTRY--PERSONAL NAME | |
| Personal name | Callander, Robin. |
| 9 (RLIN) | 18825 |
| 942 ## - ADDED ENTRY ELEMENTS (KOHA) | |
| Item type | Book - Borrowing |
| Call number prefix | 618.1GOV |
| Source of classification or shelving scheme | Dewey Decimal Classification |
| Withdrawn status | Item status | Source of classification or shelving scheme | Damaged status | Not for loan | Vendor | Home library | Current library | Shelving location | Date acquired | Source of acquisition | Total Checkouts | Total Renewals | Full call number | Barcode | Date last seen | Date last borrowed | Koha item type |
|---|---|---|---|---|---|---|---|---|---|---|---|---|---|---|---|---|---|
| Dewey Decimal Classification | Central Library | Central Library | First floor | 13/09/2010 | 2 | 32 | 618.1 GOV | 000030350 | 15/07/2025 | 05/11/2017 | Book - Borrowing |